000 01074nam a2200325 a 4500
001 1453305
003 ARRUPE
005 20220228152612.0
008 851022s1984 ug a b 001 0 eng
010 _a 85219104
020 _a0869222562 (pbk. : v. 1)
040 _aDLC
_cDLC
_dDLC
043 _ad------
050 0 0 _aHN49.C6
_bH66 1995
082 0 0 _a307.1/4
_219
100 1 _aHope, Anne.
_944404
245 1 0 _aTraining for transformation :
_ba handbook for community workers /
_cAnne Hope and Sally Timmel ; illustrated by Chris Hodzi.
250 _aRev. ed.
260 _aGweru :
_bMambo Press,
_c1995.
300 _a3 v. :
_bill. ;
_c30 cm.
500 _aIncludes index.
504 _aBibliography: p. v. 1, p. 144-146.
650 0 _aCommunity development
_xHandbooks, manuals, etc.
_944405
650 0 _aTransformational leadership
_951050
650 0 _aAdult education
_zDeveloping countries.
_944406
650 0 _aLeadership
_96573
700 1 _aTimmel, Sally.
_944407
906 _a7
_bcbc
_corignew
_d2
_encip
_f19
_gy-gencatlg
942 _2lcc
_cMONOGRAPH
999 _c128907
_d128907